00910nam a2200229 a 450000100060000000300080000600500170001400800410003103500190007204000320009104100080012308200280013110000250015924501330018426000790031730000210039650000680041750400300048561000300051565000710054565000640061615242BD-RjUL20211208235758.0140209s1983 bg b 000 0 eng d a(BD-RjUL)15296 aDLCcDLCdDLCdBD-RjULbeng aeng00a385.06541219bSIP 19831 aSiddiqi, Hafiz G. A.14aThe performance of the nationalised industries :bcase of the U.K. Airlines and Biman-Bangladesh Airlines /cHafiz G.A. Siddiqi. aDhaka :bInstitute of Business Administration, University of Dhaka,c1983. a139 p. ;c25 cm. aBased on the author's thesis (Ph. D.--University of Manchester) aBibliography: p. 130-139.20aBiman-Bangladesh Airlines 0aAirlinesxGovernment ownershipxMathematical modelsxCase studies. 0aAirlineszGreat BritainxMathematical modelsxCase studies.